| 000 | 00479nam a22001691a 4500 | ||
|---|---|---|---|
| 001 | 11691 | ||
| 003 | OSt | ||
| 005 | 20260204212252.0 | ||
| 008 | 130507s2007||||dr ||||||b||||||||||spa|| | ||
| 050 | _aRD 340.56 C276i | ||
| 100 | _aCastellano Pizano, Victor Joaquin | ||
| 245 | _aInstituciones del derecho civil / Victor Joaquin Pizano | ||
| 264 | _aRepública Dominicana: Ediciones Juridicas Trajano Paentini | ||
| 300 | _a540 p | ||
| 650 | _aDERECHO CIVILÌ | ||
| 942 |
_2ddc _cBK |
||
| 999 |
_c11691 _d11691 |
||